00000000nam##2200000za#4500
0019.567742
003CaOODSP
00520210624180926
007cr |||||||||||
008150406|1999||||xxc|||||o    f|0| 0 eng|d
040 |aCaOODSP|beng
043 |an-cn---
0861 |aBT31-2/2000-III-31E-PDF
1101 |aCanada. |bTreasury Board.
24510|aNorthern Pipeline Agency, 1999-2000 estimates, part III - report on plans and priorities, approved |h[electronic resource]
260 |bTreasury Board of Canada Secretariat |c[1999].
300 |a19p.|bcoloured maps, organization chart, tables, index
4901 |a1999-2000 estimates. Part III, Report on plans and priorities |v1999-2000
590 |a10-08-Supp|b2010-10-06
77508|tAdministration du pipe-line du nord, budget des dépenses 1999-2000, partie III, rapport sur les plans et priorités, approuvé |w(CaOODSP)9.599074
7760#|tAdministration du pipe-line du Nord Canada |w(CaOODSP)9.531631
7760#|tNorthern Pipeline Agency Canada |w(CaOODSP)9.531630
830#0|a1999-2000 estimates. Part III, Report on plans and priorities ;|v1999-2000|w(CaOODSP)9.505715
85640|ahttp://publications.gc.ca|qPDF|s195 KB|uhttps://publications.gc.ca/collections/Collection/BT31-2-2000-III-31E.pdf|y1999-2000